Islam Essay in nature and growth of a cultural tradition / (Record no. 193652)
[ view plain ]
| 000 -LEADER | |
|---|---|
| fixed length control field | 00824 a2200169 4500 |
| 003 - CONTROL NUMBER IDENTIFIER | |
| control field | NUST |
| 005 - DATE AND TIME OF LATEST TRANSACTION | |
| control field | 20221207154823.0 |
| 040 ## - CATALOGING SOURCE | |
| Transcribing agency | Nust |
| 082 ## - DEWEY DECIMAL CLASSIFICATION NUMBER | |
| Classification number | 297,GRU |
| 100 ## - MAIN ENTRY--PERSONAL NAME | |
| Personal name | Grunebaum, G. E. Von |
| 9 (RLIN) | 104370 |
| 245 ## - TITLE STATEMENT | |
| Title | Islam Essay in nature and growth of a cultural tradition / |
| Statement of responsibility, etc. | G.E.Von Grunebaum |
| 260 ## - PUBLICATION, DISTRIBUTION, ETC. | |
| Place of publication, distribution, etc. | London |
| Name of publisher, distributor, etc. | Routledge and kegan paul ltd |
| Date of publication, distribution, etc. | 1961 |
| 300 ## - PHYSICAL DESCRIPTION | |
| Extent | xv: 266 p.: |
| 505 ## - FORMATTED CONTENTS NOTE | |
| Formatted contents note | The Profile Of Muslim Civilization (Page-1), The Beginnings Of Culture Consciousness In Islam (Page-31), Arab Culture (Page-58), The Koran (Page-80), Government In Islam (Page-127), The Structure Of Mulsim Town (Page-141), Islam And Hellenism (Page-159), Fardausi Concepts Of History (Page-168), Westernization In Islam And The Theory Of Cultural Borrowing (Page-237). |
| 651 ## - SUBJECT ADDED ENTRY--GEOGRAPHIC NAME | |
| Geographic name | Islam |
| 9 (RLIN) | 104371 |
| 942 ## - ADDED ENTRY ELEMENTS (KOHA) | |
| Source of classification or shelving scheme | |
| Koha item type | Book |
| Call number prefix | 297,GRU |
| Withdrawn status | Lost status | Source of classification or shelving scheme | Damaged status | Not for loan | Permanent Location | Current Location | Shelving location | Date acquired | Full call number | Barcode | Date last seen | Price effective from | Koha item type | Public note |
|---|---|---|---|---|---|---|---|---|---|---|---|---|---|---|
| Military College of Signals (MCS) | Military College of Signals (MCS) | General Stacks | 12/12/2016 | 297,GRU | MCS29615 | 12/08/2016 | 12/12/2016 | Book | Almirah No.47, Shelf No.1 |
